000
00289nam a2200109Ia 4500
008
200302s9999 xx 000 0 und d
100
_a
Antonio raman
245
_a
Eero Saarinen an Architecture of Multiplicity
260
_b
Laurence King Publishing Ltd.
260
_c
2002
300
_a
225 P.,
999
_c
1973
_d
1973